Kluby w playoffach Ligi Mistrzów 2005/06 - Statystyki

Ogólne statystyki
  • Ten quiz został rozwiązany 128 razy
  • Średni wynik to 12 z 16
Statystyki odpowiedzi
Klub Kraj % Poprawnych
Real Madryt Hiszpania
96%
FC Barcelona Hiszpania
95%
Arsenal Londyn Anglia
93%
Bayern Monachium Niemcy
90%
Inter Mediolan Włochy
90%
A.C. Milan Włochy
88%
Ajax Amsterdam Holandia
87%
Chelsea Londyn Anglia
87%
Liverpool Anglia
86%
Juventus Włochy
80%
PSV Holandia
79%
SL Benfica Portgalia
77%
Olympique Lyon Francja
71%
Rangers Szkocja
67%
Werder Brema Niemcy
30%
Villarreal CF Hiszpania
20%
Nie znaleziono quizów pasujących do podanych kryteriów
Rozkład punktacji
Procent ludzi z każdym wynikiem
Percentyl według liczby udzielonych odpowiedzi
Twoja historia wyników
Nie rozwiązałeś tego quizu